000 00307nam a2200121Ia 4500
005 20260328104251.0
008 260328s9999||||xx |||||||||||||| ||und||
100 _aZambrano Molina, Félix
245 0 _aExpresión /
_cFélix Zambrano Molina
300 _a113 p.
650 _aDISEÑO INDUSTRIAL
942 _cBK
999 _c10246
_d10246